[Event "Kharkov Caissa op"]
[Site "Kharkov"]
[Date "2003.01.25"]
[Round "5"]
[White "Vasilyev, Mikhail"]
[Black "Katuzian, Valery"]
[Result "1-0"]
[WhiteElo "2363"]
[BlackElo "2183"]
[PlyCount "101"]
[EventDate "2003.01.21"]
[EventType "swiss"]
[EventRounds "9"]
[EventCountry "UKR"]
[SourceTitle "CBM 092 Extra"]
[Source "ChessBase"]
[SourceDate "2003.03.07"]
[SourceVersion "1"]
[SourceVersionDate "2003.03.07"]
[SourceQuality "1"]

1. e4 c5 2. Nf3 d6 3. d4 cxd4 4. Nxd4 Nf6 5. Nc3 e6 6. g4 h6 7. g5 hxg5 8. Bxg5 Nc6 9. Qd2 Qb6 10. Nb3 a6 11. 0-0-0 Qc7 12. f4 Bd7 13. Kb1 0-0-0 14. h4 Kb8 15. Be2 Bc8 16. Bf3 Be7 17. h5 Rh7 18. Qe2 Ng8 19. Bxe7 Ngxe7 20. a3 g6 21. Rhe1 gxh5 22. Bxh5 Rdh8 23. Bf3 Ng6 24. Qd2 Rh4 25. Ne2 Nce7 26. Nbc1 Rh3 27. Rf1 R8h4 28. Nd3 f5 29. exf5 Nxf5 30. Be4 Nge7 31. Rh1 Ne3 32. Rxh3 Rxh3 33. Rh1 Rxh1+ 34. Bxh1 N3f5 35. Be4 Bd7 36. Nb4 Qb6 37. Qc3 a5 38. Nd3 Ba4 39. b3 Bb5 40. Ka2 Qc7 41. Bxf5 Nxf5 42. Qd2 a4 43. Kb2 axb3 44. cxb3 Qb6 45. Ndc1 Qf2 46. Kb1 Qc5 47. Qb2 Bc6 48. Qh8+ Ka7 49. Kb2 Be4 50. Qc3 Kb6 51. b4 1-0

[Event "Kharkov Caissa CC"]
[Site "Kharkov"]
[Date "2000.05.29"]
[Round "2"]
[White "Katuzian, Valery"]
[Black "Ivanov, Andrey A"]
[Result "0-1"]
[WhiteElo "2283"]
[BlackElo "2321"]
[PlyCount "76"]
[EventDate "2000.04.28"]
[EventType "tourn"]
[EventRounds "12"]
[EventCountry "UKR"]
[EventCategory "4"]
[SourceTitle "EXT 2001"]
[Source "ChessBase"]
[SourceDate "2000.11.22"]
[SourceVersion "1"]
[SourceVersionDate "2000.11.22"]
[SourceQuality "1"]

1. Nf3 Nf6 2. c4 e6 3. b3 b6 4. e3 Bb7 5. Bb2 d5 6. Be2 Nbd7 7. 0-0 Bd6 8. Nc3 a6 9. Rc1 0-0 10. Qc2 dxc4 11. bxc4 e5 12. d3 Qe7 13. Nd2 Nc5 14. Rfe1 Rad8 15. d4 exd4 16. exd4 Ne6 17. Na4 Ba3 18. c5 Bxb2 19. Qxb2 Bc6 20. cxb6 Bxa4 21. bxc7 Rc8 22. Bc4 Qd7 23. Bxe6 fxe6 24. Qb6 Nd5 25. Qxa6 Rxc7 26. Nf3 Bb5 27. Qa5 Rxc1 28. Rxc1 Nf4 29. Rc2 Bd3 30. Rd2 Be4 31. Ne5 Qb7 32. f3 Qb1+ 33. Kf2 Bd5 34. h3 Qh1 35. Kg3 Qg1 36. Qc3 Nh5+ 37. Kg4 g6 38. Nd3 Qh2 0-1

[Event "Kharkov Caissa CC"]
[Site "Kharkov"]
[Date "2000.05.08"]
[Round "10"]
[White "Katuzian, Valery"]
[Black "Gnidash, Alexsander"]
[Result "0-1"]
[WhiteElo "2283"]
[BlackElo "2254"]
[PlyCount "98"]
[EventDate "2000.04.28"]
[EventType "tourn"]
[EventRounds "12"]
[EventCountry "UKR"]
[EventCategory "4"]
[SourceTitle "EXT 2001"]
[Source "ChessBase"]
[SourceDate "2000.11.22"]
[SourceVersion "1"]
[SourceVersionDate "2000.11.22"]
[SourceQuality "1"]

1. Nf3 d5 2. e3 Nf6 3. b3 Bg4 4. Bb2 e6 5. Be2 Nbd7 6. 0-0 Bd6 7. c4 c6 8. Nc3 a6 9. Rc1 0-0 10. Qc2 h6 11. d4 Bf5 12. Qd2 Re8 13. Rfd1 Qe7 14. Bd3 Bxd3 15. Qxd3 Nh7 16. Re1 f5 17. cxd5 cxd5 18. Rc2 g5 19. Rec1 g4 20. Ne1 Ng5 21. Ne2 Nb8 22. Rc8 Nc6 23. Rxa8 Rxa8 24. Nf4 Bxf4 25. exf4 Ne4 26. f3 gxf3 27. gxf3 Nf6 28. Kh1 Kh7 29. Nc2 Nh5 30. Qd2 Qh4 31. Rg1 Rg8 32. Rxg8 Kxg8 33. Qg2+ Kf7 34. Ba3 Nxf4 35. Qg3 Qxg3 36. hxg3 Ne2 37. Bd6 Nexd4 38. Nxd4 Nxd4 39. Kg2 Nb5 40. Bf4 h5 41. Kh3 Nd4 42. Kh4 Kg6 43. Bc7 Nxf3+ 44. Kh3 e5 45. Kg2 e4 46. Kf2 d4 47. Bf4 h4 48. gxh4 Nxh4 49. Be5 Nf3 0-1

[Event "Kharkov Caissa CC"]
[Site "Kharkov"]
[Date "2000.05.03"]
[Round "6"]
[White "Katuzian, Valery"]
[Black "Kovalenko, Sergey D"]
[Result "1-0"]
[WhiteElo "2283"]
[BlackElo "2277"]
[PlyCount "143"]
[EventDate "2000.04.28"]
[EventType "tourn"]
[EventRounds "12"]
[EventCountry "UKR"]
[EventCategory "4"]
[SourceTitle "EXT 2001"]
[Source "ChessBase"]
[SourceDate "2000.11.22"]
[SourceVersion "1"]
[SourceVersionDate "2000.11.22"]
[SourceQuality "1"]

1. Nf3 d5 2. e3 Nf6 3. b3 b6 4. Bb2 e6 5. Bb5+ c6 6. Be2 Nbd7 7. c4 Bd6 8. Nc3 0-0 9. 0-0 Bb7 10. Rc1 Qe7 11. d4 Rac8 12. Rc2 Rfd8 13. Qa1 Ba3 14. cxd5 exd5 15. Bxa3 Qxa3 16. Rd1 Re8 17. Qb2 Qe7 18. b4 Ne4 19. Bf1 Ndf6 20. h3 Nxc3 21. Qxc3 Ne4 22. Qb2 Rc7 23. Rdc1 Rec8 24. Ne5 f6 25. Nf3 Kf8 26. a4 Kf7 27. Qb3 Kf8 28. Ne1 c5 29. bxc5 bxc5 30. dxc5 Rxc5 31. Rxc5 Rxc5 32. Rb1 Rc7 33. Nf3 Nc5 34. Qb4 Ba6 35. Qh4 h6 36. Qd4 Qe4 37. Bxa6 Nxa6 38. Rb5 Qxd4 39. Nxd4 Rd7 40. Nc6 Rc7 41. Nd4 Rd7 42. Ne6+ Kf7 43. Nf4 d4 44. exd4 g5 45. Ne2 Ke6 46. f3 Rd5 47. Rb7 Rd6 48. Rxa7 Kd5 49. Kf2 Kc4 50. Ke3 f5 51. Ra8 f4+ 52. Kd2 Rb6 53. Rc8+ Kd5 54. Kc3 Rd6 55. a5 Rd7 56. Nc1 Nc7 57. Rb8 Re7 58. Rd8+ Kc6 59. Kc4 Re1 60. Nd3 Ra1 61. d5+ Kb7 62. Nc5+ Ka7 63. d6 Rc1+ 64. Kd4 Rxc5 65. Kxc5 Ne6+ 66. Kc6 Nxd8+ 67. Kc7 Ne6+ 68. Kc8 Ka6 69. d7 Kxa5 70. d8Q+ Nxd8 71. Kxd8 Kb5 72. Ke7 1-0